ARRUPE JESUIT UNIVERSITY

CORONAVIRUS -STOP THE SPREAD - CLEAN,DISINFECT,COVER

The scope of the Summa of St. Thomas (Record no. 49413)

MARC details
000 -LEADER
fixed length control field 00519nam a2200217Ia 4500
003 - CONTROL NUMBER IDENTIFIER
control field 0100
005 - DATE AND TIME OF LATEST TRANSACTION
control field 20171017101110.0
008 - FIXED-LENGTH DATA ELEMENTS--GENERAL INFORMATION
fixed length control field 130303s9999 xx 000 0 und d
040 ## - CATALOGING SOURCE
Transcribing agency ARRUPELIB
050 ## - LIBRARY OF CONGRESS CALL NUMBER
Classification number B765.T54C42
300 ## - PHYSICAL DESCRIPTION
Other physical details 17cm.
100 ## - MAIN ENTRY--PERSONAL NAME
Personal name Chenu, M. Dominique
9 (RLIN) 37140
245 #4 - TITLE STATEMENT
Title The scope of the Summa of St. Thomas
260 ## - PUBLICATION, DISTRIBUTION, ETC. (IMPRINT)
Place of publication, distribution, etc Washington, D.C.
260 ## - PUBLICATION, DISTRIBUTION, ETC. (IMPRINT)
Name of publisher, distributor, etc The Thomist Press
300 ## - PHYSICAL DESCRIPTION
Extent 47p.
440 ## - SERIES STATEMENT/ADDED ENTRY--TITLE
Title Compact studies
9 (RLIN) 37141
600 ## - SUBJECT ADDED ENTRY--PERSONAL NAME
Personal name Thomas Aquinas, St. Summa theologiae
9 (RLIN) 37142
700 ## - ADDED ENTRY--PERSONAL NAME
Personal name Brennan, Robert Edward
9 (RLIN) 37144
942 00 - ADDED ENTRY ELEMENTS (KOHA)
Koha issues (borrowed), all copies 2
Source of classification or shelving scheme Library of Congress Classification
Koha item type Monograph ( Printed materials)
Holdings
Withdrawn status Lost status Source of classification or shelving scheme Damaged status Not for loan Collection code Home library Current library Shelving location Date acquired Total Checkouts Full call number Barcode Date last seen Copy number Price effective from Koha item type Date checked out
    Library of Congress Classification     Main Collection ARRUPE LIBRARY ARRUPE LIBRARY Main Collection 04/03/2013   B765.T531 S8 C42 46003024569 04/03/2013 1 04/03/2013 Monograph ( Printed materials)  
    Library of Congress Classification     Main Collection ARRUPE LIBRARY ARRUPE LIBRARY Main Collection 04/03/2013 2 B765.T531 S8 C42 46003024653 22/01/2014 2 04/03/2013 Monograph ( Printed materials) 26/08/2013

 

Arrupe Library. PO Box MP320 Mt Pleasant, Harare, Zimbabwe
263 242 745411|librarian@aju.ac.zw